Focus sur: Fleamont Potter - Harry Potter - Statistiques

Statistiques générales
  • Ce quiz a été pris 68 fois
  • Le résultat moyen est 5 sur 7
Statistiques - réponses
Informations recherchées Réponses % Correct
Ecole fréquentée Poudlard
97%
Fils James Potter
92%
Maison fréquentée Gryffondor
90%
Statut du sang Sang-Pur
90%
Première mention Harry Potter et l'Ordre du Phénix
73%
Epouse Euphemia Potter
47%
Père Henry Potter
31%
Aucun quiz correspondant
Distribution des résultats
% des personnes avec chaque résultat
Percentile par nombre de réponses
Votre historique - résultats
Vous n’avez pas pris ce quiz